000 00396nam a2200109Ia 4500
008 171204s9999 xx 000 0 und d
245 _aInterdisciplinary Assessment Of Personal Health Monitoring: Studies in Health Technology and Informatics
245 _cO. Rienhoff and S. Schmidt
260 _c2013
650 _xHealth Assessment
856 _uhttp://down.ebook777.com/011/IntAssOfPerHeaMon.pdf
999 _c346372
_d346372